000 00469nam a2200193Ia 4500
003 OSt
005 20220509111800.0
008 210210b1938 xxu||||| |||| 00| 0 eng d
040 _aAL
_c
041 _aeng
082 _a320/135
100 _aDERRY (Kingston)
_934921
245 _aBritish institutions of today
260 _aLondon
_bLongman Green & Co.
_c1938
300 _aviii,195
690 _aPolitical Science
_934926
906 _a001885
942 _2ddc
_cBK
999 _c117708
_d117708